000 00930nam a22002897a 4500
003 CHAP
005 20220329140648.0
008 971013s1985 r 00010 d
010 _a55605
011 _a56577
035 _a60730
040 _cCHAP
082 _a338.17521852
_bS2
100 0 0 _aScott, Gregory J.
_9103382
245 _aMarkets, myths and middlemen
_b: a study of potato marketing in central Peru
260 _aLima :
_bInternational Potato Center,
_c1985
300 _a196 p.
_b: ilus. ; gráfs.
590 _aBATCH-UPD
_b10
_c20130110
_lUCH01
_h0738
590 _aBATCH-UPD
_b10
_c20130410
_lUCH01
_h0420
590 _aBATCH-UPD
_b10
_c20130914
_lUCH01
_h1858
590 _aCONVERSION
_b10
_c20130109
_lUCH01
_h1330
650 1 4 _aPapa
_xConsumo
_xPerú.
_985208
650 1 4 _aPapa
_xMercadeo.
_985261
901 _aBK
942 _cLIBRO
949 _a338.17521852 S2
_bBC
_cLIBRO
_d33724000155529
_eLIBRO
_h69490
_i60730
_si
999 _c55605
_d55605